| 000 -CABECERA |
| Longitud fija campo de control |
00893nam a2200265 a 4500 |
| 001 - NÚMERO DE CONTROL |
| Número de control |
.b30133786 |
| 003 - IDENTIFICADOR DEL NÚMERO DE CONTROL |
| Identificador del número de control |
OSt |
| 005 - FECHA Y HORA DE LA ÚLTIMA TRANSACCIÓN |
| Fecha y hora de la última transacción |
20130514163233.0 |
| 008 - CÓDIGOS DE INFORMACIÓN DE LONGITUD FIJA |
| Códigos de información de longitud fija |
031007s2003 spca || 001 ||cat|c |
| 020 ## - NÚMERO INTERNACIONAL NORMALIZADO PARA LIBROS |
| Número Internacional Normalizado para Libros (ISBN) |
8449023157 (Universitat Autònoma de Barcelona) |
| 020 ## - NÚMERO INTERNACIONAL NORMALIZADO PARA LIBROS |
| Número Internacional Normalizado para Libros (ISBN) |
8480214260 (Universitat Jaume I) |
| 020 ## - NÚMERO INTERNACIONAL NORMALIZADO PARA LIBROS |
| Número Internacional Normalizado para Libros (ISBN) |
8488042426 (Universitat Pompeu Fabra) |
| 020 ## - NÚMERO INTERNACIONAL NORMALIZADO PARA LIBROS |
| Número Internacional Normalizado para Libros (ISBN) |
8437056772 (Universitat de València) |
| 040 ## - FUENTE DE LA CATALOGACIÓN |
| Centro transcriptor |
CDMR |
| 100 1# - PUNTO DE ACCESO PRINCIPAL-NOMBRE DE PERSONA |
| Nombre de persona |
Guillamet, Jaume |
| 9 (RLIN) |
417 |
| 245 10 - MENCIÓN DE TÍTULO |
| Título |
Història del periodisme |
| Resto del título |
: notícies, periodistes i mitjans de comunicació |
| Mención de responsabilidad, etc. |
Jaume Guillamet |
| 260 ## - PUBLICACIÓN, DISTRIBUCIÓN, ETC. (PIE DE IMPRENTA) |
| Lugar de publicación, distribución, etc. |
Bellaterra [etc.] |
| Nombre del editor, distribuidor, etc. |
Universitat Autònoma de Barcelona [etc.] |
| Fecha de publicación, distribución, etc. |
2003 |
| 300 ## - DESCRIPCIÓN FÍSICA |
| Extensión |
252 p. |
| Otras características físicas |
il. |
| Dimensiones |
24 cm |
| 490 0# - MENCIÓN DE SERIE |
| Mención de serie |
Aldea Global |
| Designación de volumen o secuencia |
14 |
| 650 04 - PUNTO DE ACCESO ADICIONAL DE MATERIA - TÉRMINO DE MATERIA |
| Término de materia o nombre geográfico como elemento inicial |
Periodisme |
| Subdivisión de materia general |
Història |
| 9 (RLIN) |
2512 |
| 650 04 - PUNTO DE ACCESO ADICIONAL DE MATERIA - TÉRMINO DE MATERIA |
| Término de materia o nombre geográfico como elemento inicial |
Premsa |
| Subdivisión geográfica |
Espanya |
| Subdivisión de materia general |
Història |
| 9 (RLIN) |
1130 |
| 830 #0 - PUNTO DE ACCESO ADICIONAL DE SERIE - TÍTULO UNIFORME |
| Título uniforme |
Aldea global ; |
| Designación de volumen o secuencia |
14 |
| 940 ## - |
| T&íacute;tulo uniforme |
<a href="UPF">UPF</a> |
| Fecha del tratado firmado |
UAB |
| 942 ## - ENTRADA DE ELEMENTOS AGREGADOS (KOHA) |
| Fuente de clasificaión o esquema |
|
| Koha [por defecto] tipo de item |
Monografies |